History Quiz

Random History or War Quiz

American Civil War Chronological Battles Quiz Stats

 Plays Quiz not verified by Sporcle

Challenge
Share
Tweet
Embed
Score 0/19 Timer 03:00
0 Plays Today
The battle Number the battles from 1-19 in order % Correct
The attack on Ft. Sumter1
90.9%
Bull Run/Manassas2
89.3%
Appomattox Courthouse19
84.3%
Shiloh3
77.7%
New Orleans4
73.1%
Union takes Richmond18
72.1%
Fredricksburg9
71.6%
Second Bull Run/ Second Manassas6
71.1%
Seven Pines5
70.1%
Antietam7
70.1%
The battle Number the battles from 1-19 in order % Correct
Gettysburg11
70.1%
Sherman's March to the Sea15
69.5%
Chancellorsville10
68.5%
Vicksburg12
64%
Harper's Ferry8
63.5%
Five Forks17
58.9%
Spotsylvania14
58.4%
Nashville16
58.4%
Battle of Chattanooga13
50.8%

You're not logged in!

Compare scores with friends on all Sporcle quizzes.
Join for Free
OR
Log In

You Might Also Like...

Show Comments

Extras

Top Quizzes Today


Score Distribution

Your Account Isn't Verified!

In order to create a playlist on Sporcle, you need to verify the email address you used during registration. Go to your Sporcle Settings to finish the process.

Report this User

Report this user for behavior that violates our Community Guidelines.

Details: